[Event "Vecindario Montalvo Memorial 15th"]
[Site "Vecindario"]
[Date "2023.04.04"]
[Round "4"]
[White "Santos Falcon, Jose"]
[Black "Broeder, Hans Gert"]
[Result "0-1"]
[WhiteElo "1567"]
[BlackElo "1740"]
[PlyCount "68"]
[EventDate "2023.04.02"]
[EventType "swiss"]
[EventRounds "9"]
[EventCountry "ESP"]
[SourceTitle "CBM 213 Extra"]
[Source "ChessBase"]
[SourceDate "2023.05.31"]
[SourceVersion "1"]
[SourceVersionDate "2023.05.31"]
[SourceQuality "1"]

1. c4 c6 2. Nf3 Nf6 3. g3 g6 4. Bg2 d5 5. cxd5 cxd5 6. d4 Bg7 7. Nc3 Nc6 8. 0-0 0-0 9. Ne5 e6 10. Nxc6 bxc6 11. Re1 Bb7 12. b3 Qa5 13. Bd2 Qa3 14. Qc1 Qd6 15. Na4 Nd7 16. Bf4 Qe7 17. Be3 Rfc8 18. Rb1 e5 19. Qd2 e4 20. Rec1 Qa3 21. Bh3 f5 22. g4 Rf8 23. gxf5 gxf5 24. Kh1 Kh8 25. Rg1 Qe7 26. Rg5 Bh6 27. Rxf5 Bxe3 28. Qxe3 Rg8 29. Qf4 Rg7 30. Qc7 Ba6 31. Qxc6 Rag8 32. Rxd5 Bxe2 33. Rf5 Qh4 34. Qc3 Bd3 0-1

[Event "Gran Canaria Santana Memorial 7th"]
[Site "Gran Canaria"]
[Date "2019.11.19"]
[Round "5"]
[White "Diaz Mendoza, Eladio"]
[Black "Santos Falcon, Jose"]
[Result "1-0"]
[WhiteElo "1583"]
[BlackElo "1606"]
[PlyCount "133"]
[EventDate "2019.11.05"]
[EventType "swiss"]
[EventRounds "7"]
[EventCountry "ESP"]
[SourceTitle "CBM 193 Extra"]
[Source "ChessBase"]
[SourceDate "2020.01.31"]
[SourceVersion "1"]
[SourceVersionDate "2020.01.31"]
[SourceQuality "1"]

1. e4 e5 2. Bc4 Nf6 3. d3 d6 4. Bg5 Be7 5. Nf3 Nc6 6. Nc3 Bg4 7. h3 Bh5 8. g4 Bg6 9. Qe2 h5 10. Nh4 Qd7 11. Nxg6 fxg6 12. Bxf6 Bxf6 13. 0-0-0 Nd4 14. Qf1 0-0-0 15. f3 Rdf8 16. Qg2 Bg5+ 17. Kb1 Rxf3 18. Rdf1 Rhf8 19. Rxf3 Nxf3 20. Ka1 Nd2 21. gxh5 Qd8 22. Be6+ Kb8 23. hxg6 Nf3 24. Bf7 Nh4 25. Qg4 c6 26. Rg1 Bd2 27. Ne2 Qf6 28. Ng3 Qe7 29. Nf5 Nxf5 30. Qxf5 Rh8 31. a3 Rh4 32. Rg2 Bh6 33. Rf2 Kc7 34. Bb3 Rf4 35. Rxf4 exf4 36. c3 Qf6 37. Qxf6 gxf6 38. Bd1 Kd7 39. h4 Ke6 40. d4 f5 41. Bf3 fxe4 42. Bxe4 d5 43. Bd3 b6 44. b4 Kd6 45. Kb2 c5 46. Kc2 c4 47. Be2 Ke6 48. Bf3 a5 49. bxa5 bxa5 50. a4 Bg7 51. Kd2 Bf6 52. h5 Bg7 53. Ke2 Bh6 54. Kf2 Bg7 55. Kg2 Bh6 56. Kh3 Bg7 57. Kg4 Bh6 58. Bg2 Bg7 59. Kg5 Bxd4 60. cxd4 c3 61. g7 Kf7 62. h6 f3 63. Bxf3 c2 64. Bxd5+ Ke7 65. g8Q c1Q+ 66. Kg6 Qc2+ 67. Kg7 1-0

[Event "Canarias-chT"]
[Site "Vecindario"]
[Date "2019.06.16"]
[Round "6.3"]
[White "Santos Falcon, Jose"]
[Black "Blanco Garcia Bajo, David"]
[Result "1-0"]
[WhiteElo "1556"]
[BlackElo "1109"]
[PlyCount "51"]
[EventDate "2019.06.13"]
[EventType "team-swiss"]
[EventRounds "6"]
[EventCountry "ESP"]
[SourceTitle "EXT 2020"]
[Source "ChessBase"]
[SourceDate "2019.10.17"]
[SourceVersion "1"]
[SourceVersionDate "2019.10.17"]
[SourceQuality "1"]
[WhiteTeam "Hotel Avda de Canarias III"]
[BlackTeam "La Caja de Canarias III"]
[WhiteTeamCountry "ESP"]
[BlackTeamCountry "ESP"]

1. d4 d5 2. c4 e6 3. Nc3 Nf6 4. Bf4 Nbd7 5. e3 c6 6. Nf3 b6 7. a3 Bb7 8. cxd5 exd5 9. h3 Be7 10. Bd3 c5 11. Bb5 0-0 12. Ne5 Nxe5 13. dxe5 Ne8 14. Qg4 Kh8 15. Rd1 Nc7 16. Bd3 g6 17. Bh6 Rg8 18. f4 Bf8 19. Bg5 Be7 20. h4 Qe8 21. h5 Bf8 22. Bf6+ Bg7 23. hxg6 fxg6 24. Bxg6 Qxg6 25. Qxg6 h6 26. Rxh6# 1-0

[Event "Canarias-chT"]
[Site "Vecindario"]
[Date "2019.06.15"]
[Round "4.3"]
[White "Santos Falcon, Jose"]
[Black "Hernandez Diaz, Heriberto"]
[Result "1-0"]
[WhiteElo "1556"]
[BlackElo "1707"]
[PlyCount "86"]
[EventDate "2019.06.13"]
[EventType "team-swiss"]
[EventRounds "6"]
[EventCountry "ESP"]
[SourceTitle "EXT 2020"]
[Source "ChessBase"]
[SourceDate "2019.10.17"]
[SourceVersion "1"]
[SourceVersionDate "2019.10.17"]
[SourceQuality "1"]
[WhiteTeam "Hotel Avda de Canarias III"]
[BlackTeam "Roque Niquiomo"]
[WhiteTeamCountry "ESP"]
[BlackTeamCountry "ESP"]

1. d4 d5 2. c4 e6 3. Nc3 Bb4 4. Nf3 h6 5. Bf4 Nf6 6. a3 Bd6 7. Bxd6 Qxd6 8. e3 0-0 9. Qc2 b6 10. cxd5 Nxd5 11. Bd3 Nxc3 12. Qxc3 Bb7 13. e4 Nd7 14. 0-0 c5 15. Rad1 Rac8 16. dxc5 Qxc5 17. Qd2 Nf6 18. Rc1 Qe7 19. Qf4 Qd7 20. Bb1 Qa4 21. Nd2 Qd4 22. b3 Qb2 23. Nc4 Qxb3 24. Nd6 Rxc1 25. Rxc1 Ba6 26. h3 e5 27. Qxe5 Qxa3 28. Rc7 Be2 29. Nf5 Qb4 30. Rc1 Qd2 31. Rc2 Qd1+ 32. Kh2 Qxb1 33. Rxe2 Re8 34. Qg3 g6 35. Nxh6+ Kf8 36. e5 Nh5 37. Qf3 Re7 38. e6 Qb4 39. g3 f5 40. Nxf5 gxf5 41. Qxf5+ Ke8 42. Qxh5+ Kd8 43. Qd5+ Kc7 1-0

[Event "Canarias-chT"]
[Site "Vecindario"]
[Date "2019.06.15"]
[Round "5.3"]
[White "Suarez Ramirez, Jonay"]
[Black "Santos Falcon, Jose"]
[Result "1-0"]
[WhiteElo "1809"]
[BlackElo "1556"]
[PlyCount "47"]
[EventDate "2019.06.13"]
[EventType "team-swiss"]
[EventRounds "6"]
[EventCountry "ESP"]
[SourceTitle "EXT 2020"]
[Source "ChessBase"]
[SourceDate "2019.10.17"]
[SourceVersion "1"]
[SourceVersionDate "2019.10.17"]
[SourceQuality "1"]
[WhiteTeam "Hotel Avda de Canarias II"]
[BlackTeam "Hotel Avda de Canarias III"]
[WhiteTeamCountry "ESP"]
[BlackTeamCountry "ESP"]

1. Nf3 d5 2. g3 Nf6 3. Bg2 Nc6 4. d4 Bf5 5. c3 e6 6. 0-0 h6 7. Bf4 Bd6 8. Bxd6 cxd6 9. Nbd2 0-0 10. c4 Qb6 11. cxd5 exd5 12. Nb3 Rfe8 13. Rc1 Qa6 14. e3 Qxa2 15. Ne1 a5 16. Nd3 a4 17. Na1 a3 18. b3 Bxd3 19. Qxd3 Nb4 20. Qc3 Rec8 21. Qxb4 Ne4 22. Rxc8+ Rxc8 23. Qxb7 Rc3 24. Bxe4 1-0

[Event "Liga Insular Gran Canaria 1a Descenso"]
[Site "Las Palmas"]
[Date "2019.05.25"]
[Round "1.3"]
[White "Santos Falcon, Jose"]
[Black "Deniz Cardenes, Ernesto"]
[Result "1/2-1/2"]
[WhiteElo "1561"]
[BlackElo "1473"]
[PlyCount "128"]
[EventDate "2019.05.25"]
[EventType "team-tourn"]
[EventRounds "3"]
[EventCountry "ESP"]
[SourceTitle "EXT 2021"]
[Source "ChessBase"]
[SourceDate "2020.10.23"]
[SourceVersion "1"]
[SourceVersionDate "2020.10.23"]
[SourceQuality "1"]
[WhiteTeam "Hotel Avda de Canarias III"]
[BlackTeam "Panaderia Pulido San Mateo II"]
[WhiteTeamCountry "ESP"]
[BlackTeamCountry "ESP"]

1. d4 d5 2. c4 Nf6 3. Nc3 g6 4. Bg5 c6 5. e3 Bg7 6. cxd5 Nxd5 7. Nf3 Qa5 8. Qd2 Bg4 9. Ne5 Be6 10. Nc4 Qd8 11. Be2 Nxc3 12. bxc3 Qd5 13. e4 Qxe4 14. 0-0 Nd7 15. Bf3 Qf5 16. Nb2 Nf6 17. Bxf6 Qxf6 18. Rfe1 0-0 19. Nd3 b6 20. Ne5 Rac8 21. Nxc6 Rc7 22. Rac1 Bc4 23. Qb2 e6 24. Qb4 Bxa2 25. c4 Rfc8 26. Qa4 Bxc4 27. Rxc4 Kh8 28. Qc2 Qg5 29. Qe2 h5 30. h3 Qb5 31. Rc2 Qxe2 32. Rcxe2 Rxc6 33. Bxc6 Rxc6 34. Rd2 Rd6 35. Ra1 a5 36. Ra4 Kg8 37. Kf1 Kf8 38. Ke2 Ke7 39. Ke3 Bh6+ 40. f4 Rd5 41. Rb2 Rd6 42. Ke4 Bg7 43. Rb5 f5+ 44. Kd3 Kd7 45. Rc4 Bf6 46. Rb1 Kd8 47. Rbc1 Ke7 48. Rc7+ Rd7 49. Rxd7+ Kxd7 50. Kc4 Kd6 51. Rd1 b5+ 52. Kxb5 Kd5 53. Kxa5 Bxd4 54. Kb4 Ke4 55. Kc4 Be3 56. g3 Kf3 57. Kd3 Bb6 58. Re1 Kxg3 59. Rxe6 Bf2 60. Ke2 Ba7 61. Rxg6+ Kxf4 62. h4 Bc5 63. Rg5 Be7 64. Rxh5 Kg4 1/2-1/2

[Event "Liga Insular Gran Canaria 2b"]
[Site "Las Palmas"]
[Date "2019.05.11"]
[Round "7.2"]
[White "Santos Falcon, Jose"]
[Black "Deniz Cardenes, Ernesto"]
[Result "1-0"]
[WhiteElo "1561"]
[BlackElo "1473"]
[PlyCount "47"]
[EventDate "2019.03.02"]
[EventType "team-tourn"]
[EventRounds "10"]
[EventCountry "ESP"]
[SourceTitle "EXT 2021"]
[Source "ChessBase"]
[SourceDate "2020.10.23"]
[SourceVersion "1"]
[SourceVersionDate "2020.10.23"]
[SourceQuality "1"]
[WhiteTeam "Hotel Avda de Canarias IV"]
[BlackTeam "Panaderia Pulido San Mateo III"]
[WhiteTeamCountry "ESP"]
[BlackTeamCountry "ESP"]

1. d4 e6 2. c4 b6 3. Nf3 Bb7 4. Nc3 Nf6 5. Bf4 Be7 6. h3 Bd6 7. Ne5 Nh5 8. Bh2 Be7 9. e4 Nf6 10. Bd3 d5 11. exd5 exd5 12. Qa4+ Kf8 13. cxd5 Nxd5 14. 0-0 Nxc3 15. bxc3 Bd6 16. f4 g5 17. fxg5 Bxe5 18. Bxe5 Qxg5 19. Rf2 Rg8 20. Qb3 Qe7 21. Raf1 Rxg2+ 22. Rxg2 Bxg2 23. Kxg2 Qg5+ 24. Kh1 1-0

[Event "Canarias-chT"]
[Site "Vecindario"]
[Date "2018.05.31"]
[Round "1.3"]
[White "Santos Falcon, Jose"]
[Black "Ramirez Medina, Victor"]
[Result "0-1"]
[WhiteElo "1565"]
[BlackElo "2223"]
[PlyCount "76"]
[EventDate "2018.05.31"]
[EventType "team-swiss"]
[EventRounds "6"]
[EventCountry "ESP"]
[SourceTitle "EXT 2019"]
[Source "ChessBase"]
[SourceDate "2018.10.10"]
[SourceVersion "1"]
[SourceVersionDate "2018.10.10"]
[SourceQuality "1"]
[WhiteTeam "Hotel Avda de Canarias II"]
[BlackTeam "Hotel Avda de Canarias"]
[WhiteTeamCountry "ESP"]
[BlackTeamCountry "ESP"]

1. e4 c5 2. Nc3 d6 3. Bb5+ Nd7 4. Nf3 Ngf6 5. 0-0 a6 6. Bxd7+ Bxd7 7. d4 cxd4 8. Nxd4 e5 9. Nf3 h6 10. h3 Be7 11. Re1 0-0 12. Nd5 Nxd5 13. exd5 f5 14. b3 b5 15. Bb2 Bf6 16. c4 Qb6 17. Ba3 e4 18. Nh2 Bxa1 19. Qxa1 Rac8 20. Bb2 Rf7 21. Bd4 Qa5 22. cxb5 axb5 23. g4 Rc2 24. gxf5 Bxf5 25. Ng4 Rxa2 26. Qc1 Qd2 27. Be3 Qxc1 28. Rxc1 h5 29. Nh2 Rb2 30. Nf1 Rxb3 31. Ng3 Bg6 32. Rc6 h4 33. Ne2 Bh5 34. Nd4 Rb1+ 35. Kh2 Rf6 36. Ne6 Bf3 37. Rc1 Rxc1 38. Bxc1 Rf5 0-1

[Event "Gran Canaria Galdos op 3rd"]
[Site "Gran Canaria"]
[Date "2018.04.23"]
[Round "3"]
[White "Almeida Cubas, Mirella"]
[Black "Santos Falcon, Jose"]
[Result "1-0"]
[WhiteElo "1263"]
[BlackElo "1580"]
[PlyCount "101"]
[EventDate "2018.04.18"]
[EventType "swiss"]
[EventRounds "5"]
[EventCountry "ESP"]
[SourceTitle "EXT 2024"]
[Source "ChessBase"]
[SourceDate "2023.10.10"]
[SourceVersion "1"]
[SourceVersionDate "2023.10.10"]
[SourceQuality "1"]

1. c4 Nf6 2. Nf3 e6 3. g3 d5 4. b3 Be7 5. Bg2 0-0 6. Bb2 c5 7. cxd5 exd5 8. d4 Bf5 9. 0-0 Nc6 10. dxc5 Bxc5 11. e3 Nb4 12. Na3 Nd3 13. Qe2 Nxb2 14. Qxb2 Rc8 15. Nb5 Bd3 16. Nxa7 Bxa7 17. Rfc1 Be4 18. Rxc8 Qxc8 19. Rc1 Qf5 20. Qe5 Qxe5 21. Nxe5 Bxg2 22. Kxg2 d4 23. exd4 Bxd4 24. Nf3 Bb6 25. Rc4 Nd5 26. a4 f6 27. a5 Ba7 28. Nd4 Bxd4 29. Rxd4 Rd8 30. Kf3 Kf7 31. Ke4 Nc3+ 32. Kd3 Rxd4+ 33. Kxd4 Nd1 34. f4 Ke7 35. Kc5 Kd7 36. Kb6 Kc8 37. b4 Nc3 38. Kc5 Kc7 39. b5 Ne4+ 40. Kd5 Nc3+ 41. Kc5 Ne4+ 42. Kd5 f5 43. Ke6 b6 44. Kf7 Nd6+ 45. Kxg7 Nxb5 46. Kxh7 Nd6 47. Kg6 Nc4 48. h4 Nxa5 49. h5 Nc6 50. h6 Ne7+ 51. Kf7 1-0

[Event "Las Palmas Insular-chT Segunda 1718"]
[Site "Las Palmas"]
[Date "2017.12.16"]
[Round "4.1"]
[White "Gonzalez Sastron, David"]
[Black "Santos Falcon, Jose"]
[Result "0-1"]
[WhiteElo "1259"]
[BlackElo "1580"]
[PlyCount "56"]
[EventDate "2017.10.28"]
[EventType "team-swiss"]
[EventRounds "9"]
[EventCountry "ESP"]
[SourceTitle "EXT 2019"]
[Source "ChessBase"]
[SourceDate "2018.10.10"]
[SourceVersion "1"]
[SourceVersionDate "2018.10.10"]
[SourceQuality "1"]
[WhiteTeam "Panaderia Pulido San Mateo III"]
[BlackTeam "Hotel Avda de Canarias V"]
[WhiteTeamCountry "ESP"]
[BlackTeamCountry "ESP"]

1. e4 e5 2. Nf3 Nc6 3. Bb5 Nf6 4. 0-0 Be7 5. d3 d6 6. Bg5 Bg4 7. Nbd2 0-0 8. c3 a6 9. Ba4 b5 10. Bb3 Na5 11. Bc2 Nd7 12. Be3 c5 13. d4 cxd4 14. cxd4 Nc4 15. Nxc4 bxc4 16. d5 Qc7 17. Bd2 Nc5 18. Bb4 a5 19. Bxc5 Qxc5 20. Qd2 Rab8 21. Rab1 Rb7 22. b3 cxb3 23. Bxb3 Rc8 24. Qd3 Bxf3 25. Qxf3 Rcb8 26. Rfc1 Qa3 27. Qg4 a4 28. Bc2 Rxb1 0-1

[Event "Las Palmas Insular-chT Segunda-B 1617"]
[Site "Las Palmas"]
[Date "2016.11.05"]
[Round "3.1"]
[White "Gamia Sunday, Cristobal"]
[Black "Santos Falcon, Jose"]
[Result "1/2-1/2"]
[WhiteElo "1546"]
[BlackElo "1581"]
[PlyCount "111"]
[EventDate "2016.10.22"]
[EventType "team-tourn"]
[EventRounds "14"]
[EventCountry "ESP"]
[SourceTitle "EXT 2018"]
[Source "ChessBase"]
[SourceDate "2017.10.13"]
[SourceVersion "1"]
[SourceVersionDate "2017.10.13"]
[SourceQuality "1"]
[WhiteTeam "Fundacion La Caja de Canarias IV"]
[BlackTeam "Hotel Avda de Canarias V"]
[WhiteTeamCountry "ESP"]
[BlackTeamCountry "ESP"]

1. d4 d5 2. c4 e6 3. Nf3 Bb4+ 4. Nc3 c6 5. Bg5 Qa5 6. Qc2 dxc4 7. e4 b5 8. Be2 Bxc3+ 9. bxc3 Qc7 10. Qb2 Ne7 11. Qa3 f6 12. Bh4 Bb7 13. e5 Nd7 14. exf6 gxf6 15. Nd2 Nf5 16. Bh5+ Kd8 17. Nf3 Qf4 18. g3 Qe4+ 19. Kd1 c5 20. Re1 Qd3+ 21. Nd2 Nxd4 22. Qa5+ Ke7 23. cxd4 c3 24. Re2 b4 25. dxc5 cxd2 26. Qxb4 Qd5 27. c6+ Nc5 28. cxb7 Rad8 29. f3 Qxh5 30. Qf4 Qg6 31. Qc7+ Nd7 32. Rxd2 Qf5 33. Ke2 Qb5+ 34. Kf2 Qb6+ 35. Qxb6 Nxb6 36. Rc2 Rd7 37. Rac1 Rb8 38. Rc7 Rxb7 39. Rxb7 Rxb7 40. g4 Nd5 41. Rc2 Nb4 42. Rd2 Rb5 43. Ke3 Ra5 44. Rb2 Nd5+ 45. Kd4 h5 46. Be1 Ra4+ 47. Kc5 hxg4 48. fxg4 Kf7 49. Kd6 Ra6+ 50. Kd7 Nb6+ 51. Kc7 Kg6 52. Bf2 Kg5 53. h3 Ra3 54. Bxb6 axb6 55. Kxb6 Rxh3 56. Rb4 1/2-1/2

[Event "Las Palmas Insular-chT Segunda-B 1617"]
[Site "Las Palmas"]
[Date "2016.10.29"]
[Round "2.3"]
[White "Santos Falcon, Jose"]
[Black "Jablanovic, Sasa"]
[Result "1-0"]
[WhiteElo "1581"]
[BlackElo "1628"]
[PlyCount "77"]
[EventDate "2016.10.22"]
[EventType "team-tourn"]
[EventRounds "14"]
[EventCountry "ESP"]
[SourceTitle "EXT 2018"]
[Source "ChessBase"]
[SourceDate "2017.10.13"]
[SourceVersion "1"]
[SourceVersionDate "2017.10.13"]
[SourceQuality "1"]
[WhiteTeam "Hotel Avda de Canarias V"]
[BlackTeam "Mogan"]
[WhiteTeamCountry "ESP"]
[BlackTeamCountry "ESP"]

1. e4 e5 2. Nf3 Nc6 3. Bb5 a6 4. Ba4 b5 5. Bb3 d6 6. d4 Bg4 7. Bd5 Nge7 8. dxe5 Nxd5 9. Qxd5 Nb4 10. Qb3 Bxf3 11. gxf3 dxe5 12. c3 Nd3+ 13. Ke2 Bc5 14. Be3 Nf4+ 15. Bxf4 exf4 16. h4 0-0 17. Nd2 h5 18. Qc2 Be7 19. Nb3 Bxh4 20. Nd4 g6 21. Rag1 Kh7 22. e5 Kh6 23. Ne6 Qe7 24. Nxf8 Rxf8 25. Kd1 Bxf2 26. Qxf2 Rd8+ 27. Kc2 Qxe5 28. Re1 Qd5 29. Rd1 Qf5+ 30. Kc1 Rc8 31. Qd4 Qe6 32. Qxf4+ g5 33. Qd4 Qf5 34. Qe4 Qxe4 35. fxe4 f6 36. Rd7 a5 37. Rd3 g4 38. Rd5 c6 39. Rdxh5+ 1-0

[Event "Canarias-ch Seniors"]
[Site "Vecindario"]
[Date "2016.05.29"]
[Round "4.2"]
[White "Santos Falcon, Jose"]
[Black "Rodriguez Melian, Jose Luis"]
[Result "0-1"]
[WhiteElo "1462"]
[BlackElo "2098"]
[PlyCount "50"]
[EventDate "2016.05.27"]
[EventType "swiss"]
[EventRounds "6"]
[EventCountry "ESP"]
[SourceTitle "EXT 2024"]
[Source "ChessBase"]
[SourceDate "2023.10.10"]
[SourceVersion "1"]
[SourceVersionDate "2023.10.10"]
[SourceQuality "1"]

1. d4 Nf6 2. c4 g6 3. Nc3 d5 4. cxd5 Nxd5 5. Bd2 Bg7 6. e4 Nb6 7. e5 Qxd4 8. Nf3 Qg4 9. Nb5 Na6 10. h3 Qd7 11. Bc3 Qxd1+ 12. Rxd1 c6 13. Nbd4 Nc5 14. Bd3 Nd5 15. 0-0 Nxc3 16. bxc3 Be6 17. Nxe6 Nxe6 18. Rb1 Nc5 19. Bc2 Rd8 20. Rfe1 Bh6 21. Rb4 e6 22. Rc4 Nd7 23. a4 Nb6 24. Rb4 Rd5 25. Rd1 Rc5 0-1